| 000 | 00943nam a2200265Ia 4500 | ||
|---|---|---|---|
| 003 | OSt | ||
| 005 | 20221005104449.0 | ||
| 006 | a|||||r|||| 00| 0 | ||
| 007 | ta | ||
| 008 | 221004b |||||||| |||| 00| 0 hin d | ||
| 020 |
_a9788181664013 (hbk) _c500 |
||
| 024 | _a121577 | ||
| 037 |
_b13330, 17/07/2012, Kitab Ghar _cTextual |
||
| 040 |
_aCRL _cCRL _bhin |
||
| 041 |
_2hin _ahin |
||
| 082 | _aO152,3:g, Q1 | ||
| 100 | _aचौबे, संतोड्ढ, संपा. | ||
| 245 | 0 | _aआख्यान का आंरतिक संकट | |
| 246 | _aĀkhyān kā āanratik sankaṭa | ||
| 260 |
_aदिल्ली _bमेधा बुक्स भारत _c2011 |
||
| 300 |
_a319पृ0 _ccm. |
||
| 650 | _aहिन्दी साहित्य | ||
| 942 |
_hO152,3:g, Q1 _cTEXL _2cc |
||
| 999 |
_c1012787 _d1012787 |
||